Experiencias docentes en el ámbito de las didácticas específicas /

Spremljeno u:
Bibliografski detalji
Daljnji autori: Hortigüela Alcalá, David (Urednik), Ortega Sánchez, Delfín (Urednik)
Format: Elektronički e-knjiga
Jezik:španjolski
Izdano: Madrid : Dykinson, S.L., [2025]
Teme:
Online pristup:Digitalia Hispánica
Oznake: Dodaj oznaku
Bez oznaka, Budi prvi tko označuje ovaj zapis!

MARC

LEADER 00000nam a2200000 i 4500
001 DIGDYK4445
003 NyNyDIG
007 cr |||||||||||
008 260401s2025 sp a ob 000 0 spa d
006 m o d
035 |a (OCoLC)1569917216 
040 |a DGITA  |b eng  |e rda  |e pn  |c DGITA 
020 |a 9791370067540  |q electrónico 
020 |z 9791370065904 
024 7 |a 10.14679/4361  |2 doi 
050 1 4 |a LB1027 ebook 
245 0 0 |a Experiencias docentes en el ámbito de las didácticas específicas /  |c David Hortigüela-Alcalá, Delfín Ortega-Sánchez (coordinadores). 
264 1 |a Madrid :  |b Dykinson, S.L.,  |c [2025] 
300 |a 1 online resource :  |b illustrations. 
336 |a text  |b txt  |2 rdacontent 
337 |a computer  |b c  |2 rdamedia 
338 |a online resource  |b cr  |2 rdacarrier 
347 |a text file  |2 rdaft 
347 |b PDF 
504 |a Includes bibliographical references. 
588 0 |a Online resource; title from PDF title page (Digitalia, viewed April 1, 2026) 
650 0 |a Educational innovations. 
650 0 |a Teaching. 
700 1 |a Hortigüela Alcalá, David,  |e editor. 
700 1 |a Ortega Sánchez, Delfín,  |e editor. 
791 2 |a Digitalia (Firm),  |e distributor. 
793 0 |g Digitalia eBook Collection:  |a Dykinson Editorial 
776 0 8 |i Print version:  |t Experiencias docentes en el ámbito de las didácticas específicas.  |d Madrid : Dykinson, S.L., [2025]  |z 9791370065904 
856 4 0 |3 Digitalia Hispánica  |u https://digitalia.unach.elogim.com/a/184283/ 
910 |a Premium collection: 2026